Weed management in rubber. 2. Control of noxious weeds with herbicides (Record no. 72349)

MARC details
000 -LEADER
fixed length control field 00477nam a2200181Ia 4500
100 ## - MAIN ENTRY--AUTHOR NAME
Personal name Chee Y K
245 #0 - TITLE STATEMENT
Title Weed management in rubber. 2. Control of noxious weeds with herbicides
260 ## - PUBLICATION, DISTRIBUTION, ETC. (IMPRINT)
Name of publisher Planters Bulletin
Year of publication 1993
300 ## - PHYSICAL DESCRIPTION
Number of Pages 80-86
500 ## - GENERAL NOTE
General note Source Year: 1994
650 ## - SUBJECT ADDED ENTRY--TOPICAL TERM
Topical Term Noxious weeds
650 ## - SUBJECT ADDED ENTRY--TOPICAL TERM
Topical Term Weed management
700 ## - ADDED ENTRY--PERSONAL NAME
Personal name Ahmad Faiz Md Alif
700 ## - ADDED ENTRY--PERSONAL NAME
Personal name Yang Z N
856 ## - ELECTRONIC LOCATION AND ACCESS
Uniform Resource Identifier ATA
942 ## - ADDED ENTRY ELEMENTS (KOHA)
Koha item type Journals
Holdings
Withdrawn status Lost status Damaged status Not for loan Home library Current library Shelving location Date acquired Serial Enumeration / chronology Koha item type
      Journals RRII Library RRII Library Soils and agonomy 17/12/2021 Volume No, Issue 216 Journals